000 01083naa a22002777a 4500
001 BR7900486
003 BR-BrBNA
005 20250714162953.0
007 ta
008 250630b bl.|||m| |||| 00| 0 por d
040 _aBR-BrBNA
_bpor
_cBiblioteca Nacional de Agricultura
041 _a(Pt)
072 _aF00
_b1112
_bG514
_bGZ62
090 _aF00 BR7900486
100 1 _aMaluf, Y.R.T. (Instituto de Pesquisas Agronomicas, Porto Alegre, RS (Brazil)) Caten, R.T.
245 1 _aCultura da banana no litoral do Rio Grande do Sul [Musa sp; Pratica cultural; Brasil]
500 _aFruticultura no Rio Grande do Sul Porto Alegre, RS (Brasil): 1978. p. 85-89 [10 ref.] (BR7900486-AMS)
773 0 _tFruticultura no Rio Grande do Sul
_b
_wF00 BR7900486
_gPorto Alegre, RS (Brasil), 1978. p. 85-89
650 _aPRODUCAO VEGETAL
650 _aBANANA
650 _aPRATICA CULTURAL
650 _aRIO GRANDE DO SUL
490 _aBoletim Tecnico - Instituto de Pesquisas Agronomicas (Brazil)
_vno. 2
_xISSN 0100-3062
942 _cAMS
_2AGRIS
909 _a202506
_bLúcia
_c55
_dLúcia Elande
999 _c333199
_d333199